000 00435nam a2200181Ia 4500
001 18887
005 20260306171703.0
008 260306s9999||||xx |||||||||||||| ||und||
041 _aESP
082 _a658.5421
_bC92
100 _aCruelles Ruíz, José Agustín
_eAUT
245 0 _aMejora de métodos y tiempos de fabricación
260 _c2012
300 _a
_c
650 _aGEN
654 _aCAN
942 _cLIB
_dJUS
_fJUS
_2ddc
_n
999 _c18887
_d18887